000 00767nam a22002297a 4500
999 _c6320
_d6320
003 AR-CdUCM
008 190314b ||||| |||| 00| 0 spa d
040 _aMUNICIPALIDAD PROVINCIAL DEL CUSCO
_cBIBLIOTECA MUNICIPAL DEL CUSCO
082 _a869.501 /
_bG71
100 _aGonzales C., Artemio
_914892
110 _aMunicipalidad del Cusco
_9876
245 _aAna-cronicas de Machu picchu /
260 _aCusco :
_bEditorial mercantil,
_c1995.
300 _a48 páginas ;
_c20 cm.
505 _aContenido: Variedades -- Reflexiones -- Cuestionarios -- Sueños de piedra.
650 _aPoesía cusqueña.
_92323
650 _aLatinoamericana
_95799
650 _aPoemas peruanos
_91040
650 _aAutores cusqueños
_95505
942 _2ddc
_cLIBROS
945 _adavv